| 000 | 00497nam a2200181Ia 4500 | ||
|---|---|---|---|
| 003 | IN-BaIIA | ||
| 008 | 211028s9999 xx 000 0 eng d | ||
| 040 | _cIIA Library | ||
| 080 |
_a53.08 _bELL |
||
| 100 |
_aEllis, John P. _94638 |
||
| 245 | 4 |
_aThe theory and operation of the slide rule _cJohn P Ellis |
|
| 260 |
_aNew York _bDover Publications _c1961 |
||
| 300 | _ax, 289p. | ||
| 650 |
_aEngineering computation _94639 |
||
| 650 | _aNASA Thesaurus | ||
| 650 |
_aSlide Rule _94640 |
||
| 942 | _cBK | ||
| 999 |
_c2615 _d2615 |
||